परिवार, निजी संपत्ति और राज्य की उतपत्ति / (Record no. 118781)

MARC details
000 -LEADER
fixed length control field 01307nam a22002657a 4500
005 - DATE AND TIME OF LATEST TRANSACTION
control field 20170124103121.0
010 ## - LIBRARY OF CONGRESS CONTROL NUMBER
LC control number B-081990
020 ## - INTERNATIONAL STANDARD BOOK NUMBER
Terms of availability 00.00
International Standard Book Number 8177140914
035 ## - SYSTEM CONTROL NUMBER
System control number B-081990
037 ## - SOURCE OF ACQUISITION
Source of stock number/acquisition Cen Lib/Ret
040 ## - CATALOGING SOURCE
Original cataloging agency DPL
Language of cataloging HN
082 ## - DEWEY DECIMAL CLASSIFICATION NUMBER
Classification number 335.4
Item number एंगेल्स
100 ## - MAIN ENTRY--PERSONAL NAME
Personal name एंगेल्स, फ्रेडरिख
9 (RLIN) 81875
245 ## - TITLE STATEMENT
Title परिवार, निजी संपत्ति और राज्य की उतपत्ति /
Statement of responsibility, etc फ्रेडरिख एंगेल्स ; अनुवाद और संपादन नरेश
246 ## - VARYING FORM OF TITLE
Title proper/short title Parivar, niji sampatti aur rajya ki utpatti /
Remainder of title by Fredrikh Agels ; anuvadak aur sampadak Naresh
260 ## - PUBLICATION, DISTRIBUTION, ETC. (IMPRINT)
Place of publication, distribution, etc नयी दिल्ली
Name of publisher, distributor, etc प्रकाशन संस्थान
Date of publication, distribution, etc 2003
270 ## - ADDRESS
City नयी दिल्ली
Address 4715/21, दयानंद मार्ग, दरियागंज
Postal code 110002
300 ## - PHYSICAL DESCRIPTION
Extent 189पृ.
Dimensions 20सेमी(सजिल्द )
650 ## - SUBJECT ADDED ENTRY--TOPICAL TERM
Topical term or geographic name as entry element सामाजिक जनजाति
General subdivision
Geographic subdivision
9 (RLIN) 81876
650 ## - SUBJECT ADDED ENTRY--TOPICAL TERM
Topical term or geographic name as entry element मार्क्सवादी चिंतन
9 (RLIN) 5395
650 ## - SUBJECT ADDED ENTRY--TOPICAL TERM
Topical term or geographic name as entry element Social Tribes
9 (RLIN) 36528
650 ## - SUBJECT ADDED ENTRY--TOPICAL TERM
Topical term or geographic name as entry element Marxist Thought
9 (RLIN) 81877
700 ## - ADDED ENTRY--PERSONAL NAME
Personal name नरेश
9 (RLIN) 41420
942 ## - ADDED ENTRY ELEMENTS (KOHA)
Source of classification or shelving scheme Dewey Decimal Classification
Koha item type Hindi Books
Classification part 335.4
Call number suffix एंगेल्स
Holdings
Withdrawn status Lost status Damaged status Not for loan Home library Current library Date acquired Source of acquisition Cost, normal purchase price Total Checkouts Total Renewals Full call number Barcode Date last seen Date checked out Copy number Cost, replacement price Price effective from Koha item type
        Central Library Central Library 14/09/2015 Cen Lib/Ref 0.00 3 1 335.4 एंगेल्स B-081990 08/02/2023 03/02/2023 1 0.00 14/09/2015 Hindi Books

© Delhi Public Library
Hit Counter
free hit counter